I, Michael Bennett / (Record no. 3303)

MARC details
000 -LEADER
fixed length control field 01347cam a2200373 a 4500
001 - CONTROL NUMBER
control field 3303
003 - CONTROL NUMBER IDENTIFIER
control field FISKH
005 - DATE AND TIME OF LATEST TRANSACTION
control field 20240228153826.0
008 - FIXED-LENGTH DATA ELEMENTS--GENERAL INFORMATION
fixed length control field 120319s2012 nyu 000 1 eng
010 ## - LIBRARY OF CONGRESS CONTROL NUMBER
LC control number 2012010823
020 ## - INTERNATIONAL STANDARD BOOK NUMBER
International Standard Book Number 9780316097468
020 ## - INTERNATIONAL STANDARD BOOK NUMBER
International Standard Book Number 9780446571814
040 ## - CATALOGING SOURCE
Original cataloging agency DLC
Transcribing agency DLC
Modifying agency DLC
Language of cataloging eng
042 ## - AUTHENTICATION CODE
Authentication code pcc
043 ## - GEOGRAPHIC AREA CODE
Geographic area code n-us-ny
050 00 - LIBRARY OF CONGRESS CALL NUMBER
Classification number PS3566.A822
Item number I6 2012
082 00 - DEWEY DECIMAL CLASSIFICATION NUMBER
Classification number 813/.54
Edition number 22
100 1# - MAIN ENTRY--PERSONAL NAME
Personal name Patterson, James,
Dates associated with a name 1947-
245 10 - TITLE STATEMENT
Title I, Michael Bennett /
Statement of responsibility, etc. James Patterson and Michael Ledwidge.
250 ## - EDITION STATEMENT
Edition statement This edition 2013
260 ## - PUBLICATION, DISTRIBUTION, ETC.
Place of publication, distribution, etc. New York :
Name of publisher, distributor, etc. Vision,
Date of publication, distribution, etc. 2012.
300 ## - PHYSICAL DESCRIPTION
Extent 390 pages :
Dimensions 19 cm
520 ## - SUMMARY, ETC.
Summary, etc. Detective Michael Bennett takes his family to upstate New York in an effort to escape a lawless crime wave erupting in Manhattan only to find themselves immersed in another nightmare, one that endangers his relationship with his wife.
600 10 - SUBJECT ADDED ENTRY--PERSONAL NAME
Personal name Bennett, Michael
Titles and other words associated with a name (Fictitious character)
Form subdivision Fiction.
650 #0 - SUBJECT ADDED ENTRY--TOPICAL TERM
Topical term or geographic name entry element Police
Geographic subdivision New York (State)
-- New York
Form subdivision Fiction.
650 #0 - SUBJECT ADDED ENTRY--TOPICAL TERM
Topical term or geographic name entry element Organized crime
Form subdivision Fiction.
650 #0 - SUBJECT ADDED ENTRY--TOPICAL TERM
Topical term or geographic name entry element Hispanic American gangs
Form subdivision Fiction.
650 #0 - SUBJECT ADDED ENTRY--TOPICAL TERM
Topical term or geographic name entry element Police
General subdivision Violence against
Form subdivision Fiction.
655 #7 - INDEX TERM--GENRE/FORM
Genre/form data or focus term Suspense fiction.
Source of term gsafd
700 1# - ADDED ENTRY--PERSONAL NAME
Personal name Ledwidge, Michael.
Relator term Author
906 ## - LOCAL DATA ELEMENT F, LDF (RLIN)
a 7
b cbc
c orignew
d 1
e ecip
f 20
g y-gencatlg
942 ## - ADDED ENTRY ELEMENTS (KOHA)
Source of classification or shelving scheme Dewey Decimal Classification
Koha item type Books
Suppress in OPAC No
Holdings
Withdrawn status Lost status Source of classification or shelving scheme Damaged status Not for loan Collection Home library Current library Shelving location Date acquired Total Checkouts Full call number Barcode Date last seen Price effective from Koha item type
    Dewey Decimal Classification     Fiction Footprints International School Library Network Toul Kork Campus Footprints International School Library Network Toul Kork Campus   02/26/2024   PAT Fic PS3566.A822 FISSE04348 02/26/2024 02/26/2024 Books